Statistics for Countries with the largest populations on a map

Click here to take the quiz!

General Stats

  • This quiz has been taken 81 times
  • The average score is 45 of 50

Answers on the Map

Answers color-coded by a green-red scale on the quiz's map according to % correct below.
 

Answer Stats

#Answer% Correct
6Brazil
100%
1China
100%
29Colombia
100%
22France
100%
19Germany
100%
2India
100%
11Japan
100%
10Mexico
100%
9Russia
100%
25South Africa
100%
21United Kingdom
100%
39Canada
98%
4Indonesia
98%
18Iran
98%
43Peru
98%
30Spain
98%
15Vietnam
98%
32Argentina
97%
16DR Congo
97%
14Egypt
97%
23Italy
97%
5Pakistan
97%
3United States
97%
7Nigeria
95%
12Ethiopia
94%
41Saudi Arabia
94%
17Turkey
94%
38Poland
92%
20Thailand
92%
33Algeria
90%
28South Korea
90%
34Sudan
90%
35Ukraine
90%
8Bangladesh
89%
36Iraq
89%
50Venezuela
89%
27Kenya
87%
13Philippines
87%
45Malaysia
84%
26Myanmar
84%
44Angola
81%
24Tanzania
81%
46Mozambique
76%
37Afghanistan
75%
40Morocco
75%
47Ghana
68%
31Uganda
68%
49Nepal
60%
42Uzbekistan
56%
48Yemen
52%

Score Distribution

Percentile by Number Answered

Percent of People with Each Score

Your Score History

You have not taken this quiz